000 00349nam a2200145Ia 4500
008 230917s9999||||xx |||||||||||||| ||und||
040 _e44296
_aMAIN
041 _aEnglish
082 _a410 K897I
100 _aKrishnaswamy, N
245 0 _aLinguistics for language teacher
260 _aBombay
_bSomaiya
_c1975
300 _a226 p.
942 _cBK
999 _c181044
_d181044